000 00976nam0a22002891 4500
001 v19\rc\1416583
005 20250618110142.0
035 _a(NLR Aleph) 004544171
090 _a2049273
_c2049273
100 _a20060512d1885 |||y0rusy50 ca
101 0 _arus
102 _aRU
105 _ay z |||||
200 1 _aУстав товарищества нефтяного производства братьев Нобель
_e[С изм. и доп.]
210 _aСанкт-Петербург
_d1885
215 _a34 с.
_d21
300 _aДата ценз. разреш.: 20 дек. 1884 г.
710 0 2 _aТоварищество нефтяного производства братьев Нобель
_cПетербург
722 _aНобель
_4570
801 0 _aRU
_bNLR
_gpsbo
801 0 _aRU
_bRuMoRGB
_2psbo
801 1 _aRU
_bProSoft-M
_2rusmarc
852 _aNLR
_j18.206.4.72
899 _aRuMoRGB
_jP 51/260
899 _aБАН
942 _cBOOK
980 _aNB